A Textbook Of Biotechnology / (Record no. 7749)
[ view plain ]
| 000 -LEADER | |
|---|---|
| fixed length control field | 00604nam a22002297a 4500 |
| 001 - CONTROL NUMBER | |
| JCCL Control Number | 7749 |
| 003 - CONTROL NUMBER IDENTIFIER | |
| JCCL marc code | BD-JhCC |
| 005 - DATE AND TIME OF LATEST TRANSACTION | |
| control field | 20180213161906.0 |
| 008 - FIXED-LENGTH DATA ELEMENTS--GENERAL INFORMATION | |
| fixed length control field | 180213s2007 ii ao||| |||| 00| 0 eng d |
| 020 ## - INTERNATIONAL STANDARD BOOK NUMBER | |
| International Standard Book Number | 8121926084 |
| 035 ## - SYSTEM CONTROL NUMBER | |
| system control number | (BD-JhCC)7749 |
| 040 ## - CATALOGING SOURCE | |
| Original cataloging agency | BD-JhCC |
| Modifying agency | BD-JhCC |
| 041 ## - LANGUAGE CODE | |
| Language code of Book | eng |
| 082 ## - DEWEY DECIMAL CLASSIFICATION NUMBER | |
| Classification number | 660.4 |
| Author mark and Year | DUB 2007 |
| 100 ## - MAIN ENTRY--PERSONAL NAME | |
| Personal name | Dubey, R. C. |
| 245 ## - TITLE STATEMENT | |
| Title | A Textbook Of Biotechnology / |
| Statement of responsibility, etc | R. C. Dube |
| 260 ## - PUBLICATION, DISTRIBUTION, ETC. (IMPRINT) | |
| Place of publication, distribution, etc | India : |
| Name of publisher, distributor, etc | S. Chand & Company LTD, |
| Date of publication, distribution, etc | 2007. |
| 300 ## - PHYSICAL DESCRIPTION | |
| Pagination | 702 p. : |
| Other physical details | ill.; |
| Dimensions | 24.5 cm. |
| 504 ## - BIBLIOGRAPHY, ETC. NOTE | |
| Bibliography, etc | Includes Reference<br/>Includes Index |
| 650 ## - SUBJECT ADDED ENTRY--TOPICAL TERM | |
| Topical term or geographic name as entry element | Biotechnology |
| 942 ## - ADDED ENTRY ELEMENTS (KOHA) | |
| Source of classification or shelving scheme | Dewey Decimal Classification |
| Koha item type | Books |
| Source of classification or shelving scheme | Damaged status | Not for loan | Home library | Current library | Shelving location | Date of accession | Cost, normal purchase price | Total Checkouts | Full call number | Barcode | Date last seen | Copy number | Koha item type |
|---|---|---|---|---|---|---|---|---|---|---|---|---|---|
| Dewey Decimal Classification | JCC Rouf Library | JCC Rouf Library | General Stacks | 02/13/2018 | 315.00 | 660.4 DUB 2007 | 10254 | 02/13/2018 | C-1 | Books |